| 000 | 00820nam a2200265Ia 4500 | ||
|---|---|---|---|
| 999 |
_c84 _d84 |
||
| 003 | 0100 | ||
| 008 | 130227s9999 xx 000 0 und d | ||
| 020 | _a0714618756 | ||
| 040 | _cARRUPELIB | ||
| 050 | _aDT756.M15 | ||
| 100 |
_aMacKenzie, John _939412 |
||
| 245 |
_aTen years north of the Orange River: _ba story of everyday life and work among the South African tribes from 1859-1869 / |
||
| 250 | _a2nd edition | ||
| 260 |
_aLondon _bFrank Cass _c1971 |
||
| 300 | _axix | ||
| 300 | _b 523p 20cm | ||
| 440 |
_aMissionary researches and travels n.5 _939413 |
||
| 650 |
_aAfrica, South _xDescription & travel _939414 |
||
| 650 |
_aMissions _zAfrica, South _939341 |
||
| 942 |
_2lcc _cMONOGRAPH |
||